000 00715nam a2200193 a 4500
001 000016454
005 20200929164922.0
008 100305s1998 dr a 000 0 spa d
020 _z9788156783
040 _aDO-SdBNP
_bspa
_cBNPHU
082 _axxx
_bM425g
100 1 _aMateo Dicló, Luisa América
_936663
245 1 0 _aGuía de animación sociocultural :
_bel vínculo entre la escuela y la comunidad /
_cLuisa América Mateo Dicló.
260 _aSanto Domingo :
_bSecretaría de Estado de Educación y cultura,
_c1998.
300 _a107 p. :
_bil. ;
_c28 cm.
500 _aIncluye datos biográficos de la autora en la solapa de la cubierta
504 _aIncluye bibliografías [p. 105-106]
049 _aBNPD
999 _c15989
_d15989